[Event "East European zonal 3 (w)"]
[Site "Brno CSR"]
[Date "1989.??.??"]
[Round "14"]
[White "Skacelova, Libuse"]
[Black "Klusek, Danuta"]
[Result "1/2-1/2"]
[WhiteElo "2160"]
[BlackElo "2190"]
[EventDate "1989.09.23"]
[PlyCount "97"]

1.e4 e5 2.Nf3 Nc6 3.Nc3 Nf6 4.Bb5 Bb4 5.O-O O-O 6.d3 d6 7.Bg5 Bxc3 8.bxc3 
Qe7 9.Nd2 h6 10.Bh4 Nd8 11.Re1 Ne6 12.Nf1 Nf4 13.Ne3 c6 14.Bc4 Ng6 15.Bg3 
Be6 16.Qf3 Qd7 17.Bb3 Nh7 18.Qd1 Rfe8 19.d4 Bxb3 20.axb3 Nf6 21.f3 Qc7 22.
Qd2 Nh5 23.Bf2 Nhf4 24.c4 h5 25.Nf5 b6 26.c5 dxc5 27.dxc5 Red8 28.Qb4 bxc5
29.Qxc5 a5 30.Kf1 Ne6 31.Qb6 Qxb6 32.Bxb6 Rd2 33.Re2 Rxe2 34.Kxe2 Kf8 35.
Rxa5 Rxa5 36.Bxa5 Ngf4+ 37.Kf2 g6 38.Ne3 Nd4 39.Bc7 f6 40.g3 Nh3+ 41.Kg2 
Ng5 42.b4 Ngxf3 43.c3 Nb5 44.Bd8 Nd2 45.Bxf6 Nxe4 46.Bxe5 Nexc3 47.Kf3 Kf7
48.Kf4 Na2 49.Nc2 1/2-1/2

[Event "East European zonal 3 (w)"]
[Site "Brno CSR"]
[Date "1989.??.??"]
[Round "14"]
[White "Stanciu, Gabriela"]
[Black "Detko, Joanna"]
[Result "1-0"]
[WhiteElo "2215"]
[BlackElo "2175"]
[EventDate "1989.09.23"]
[PlyCount "65"]

1.Nf3 Nf6 2.c4 g6 3.Nc3 Bg7 4.e4 d6 5.d4 O-O 6.Be2 e5 7.O-O Nc6 8.Be3 Ng4 
9.Bg5 f6 10.Bh4 g5 11.Bg3 Nh6 12.dxe5 fxe5 13.c5 Nf7 14.cxd6 Nxd6 15.Qd5+ 
Nf7 16.Bc4 Qe7 17.Qd2 h6 18.h3 Be6 19.Bxe6 Qxe6 20.Nd5 Rac8 21.Rfd1 Nd6 
22.Nxc7 Rxc7 23.Qxd6 Qf7 24.Qd5 Kh7 25.Qxf7 Rfxf7 26.Rd5 Rce7 27.a3 Rxf3 
28.gxf3 Bf6 29.Rad1 Nd4 30.Kg2 Kg7 31.R1xd4 exd4 32.e5 Rxe5 33.Rxe5 1-0

[Event "East European zonal 3 (w)"]
[Site "Brno CSR"]
[Date "1989.??.??"]
[Round "14"]
[White "Sziva, Erika"]
[Black "Wagner-Michel, Annett"]
[Result "0-1"]
[WhiteElo "2250"]
[BlackElo "2190"]
[EventDate "1989.09.23"]
[PlyCount "88"]

1.e4 c5 2.c3 d6 3.d4 Nf6 4.Bd3 Nbd7 5.Nf3 g6 6.h3 Bg7 7.O-O O-O 8.Re1 Ne8 
9.Be3 Nc7 10.Qd2 Re8 11.Na3 Rb8 12.Rad1 b5 13.dxc5 dxc5 14.Bf1 b4 15.Nc4 
Ne6 16.cxb4 Rxb4 17.b3 Qc7 18.Qc1 Rb8 19.Bh6 Bh8 20.Bd3 Bb7 21.Bb1 Rbd8 
22.Bd2 Nb6 23.Bc3 Nd4 24.Nxd4 Bxd4 25.Na5 Bxc3 26.Qxc3 Rxd1 27.Rxd1 Ba8 
28.Bd3 Rd8 29.Re1 Qd6 30.Re3 Qd4 31.Qxd4 cxd4 32.Re1 Rc8 33.Nc4 Nxc4 34.
Bxc4 e5 35.g3 Kf8 36.f4 f6 37.fxe5 fxe5 38.h4 Ke7 39.Kg2 Kd6 40.a3 a5 41.
a4 Kc5 42.Bd5 Kb4 43.Bxa8 Rxa8 44.Rc1 Rf8 0-1

[Event "East European zonal 3 (w)"]
[Site "Brno CSR"]
[Date "1989.??.??"]
[Round "14"]
[White "Velvart, Peterne"]
[Black "Kisova, Petra"]
[Result "1-0"]
[WhiteElo "2220"]
[BlackElo "2105"]
[EventDate "1989.09.23"]
[PlyCount "99"]

1.d4 d5 2.c4 e6 3.Nf3 Nf6 4.Nc3 Nbd7 5.Bg5 h6 6.Bh4 Be7 7.e3 Ne4 8.Bxe7 
Qxe7 9.cxd5 Nxc3 10.bxc3 exd5 11.Be2 Nf6 12.O-O O-O 13.Qb3 c6 14.Ne5 Bf5 
15.c4 Rac8 16.Rac1 Rc7 17.Qa4 a6 18.c5 Ne4 19.Qd1 Qg5 20.Nf3 Qe7 21.Nd2 
Ng5 22.Nb3 Bg6 23.Bd3 Bxd3 24.Qxd3 f5 25.Rce1 Qe8 26.Na5 Qg6 27.f4 Ne4 28.
Rb1 Rff7 29.Rb3 Rfe7 30.Rfb1 Qf7 31.R1b2 g5 32.fxg5 Nxg5 33.h4 Ne6 34.Rf2 
Qh5 35.Qxf5 Qxh4 36.Rxb7 Rxb7 37.Nxb7 Rxb7 38.Qxe6+ Kg7 39.Qxc6 Rb1+ 40.
Rf1 Rxf1+ 41.Kxf1 Qh1+ 42.Kf2 Qh4+ 43.Ke2 Qg4+ 44.Kf1 Qd1+ 45.Kf2 Qd2+ 46.
Kf3 Qd1+ 47.Kf4 Qf1+ 48.Ke5 Qxg2 49.Qf6+ Kh7 50.c6 1-0

[Event "East European zonal 3 (w)"]
[Site "Brno CSR"]
[Date "1989.??.??"]
[Round "14"]
[White "Voiska, Margarita"]
[Black "Madl, Ildiko"]
[Result "1-0"]
[WhiteElo "2335"]
[BlackElo "2310"]
[EventDate "1989.09.23"]
[PlyCount "57"]

1.d4 Nf6 2.Nf3 c5 3.d5 e6 4.c4 exd5 5.cxd5 d6 6.Nc3 g6 7.e4 Bg7 8.h3 O-O 
9.Bd3 b5 10.Bxb5 Nxe4 11.Nxe4 Qa5+ 12.Nfd2 Qxb5 13.Nxd6 Qa6 14.N2c4 Nd7 
15.O-O Nb6 16.Nxb6 axb6 17.Qb3 Bd7 18.Bg5 Ba4 19.Qf3 Bxb2 20.Be7 Bxa1 21.
Rxa1 Bc2 22.Bf6 Qd3 23.Qf4 g5 24.Qxg5+ Qg6 25.Qe5 Ra4 26.Re1 Rd4 27.Nc8 
Qxf6 28.Qxf6 Rxc8 29.Rc1 1-0

[Event "East European zonal 3 (w)"]
[Site "Brno CSR"]
[Date "1989.??.??"]
[Round "15"]
[White "Detko, Joanna"]
[Black "Forgo, Eva"]
[Result "0-1"]
[WhiteElo "2175"]
[BlackElo "2165"]
[EventDate "1989.09.23"]
[PlyCount "106"]

1.e4 e5 2.Nf3 Nc6 3.Bb5 a6 4.Ba4 Nf6 5.d3 b5 6.Bb3 Be7 7.c3 d6 8.Nbd2 O-O 
9.Nf1 Na5 10.Bc2 c5 11.Ng3 Qc7 12.O-O Nc6 13.h3 Re8 14.Bd2 d5 15.Nh2 dxe4 
16.dxe4 Be6 17.f4 Rad8 18.Qe1 exf4 19.Bxf4 Bd6 20.Bxd6 Qxd6 21.Rd1 Qc7 22.
Rxd8 Rxd8 23.Nf5 Bc4 24.Rf3 Ne5 25.Rg3 Ng6 26.b3 Be6 27.e5 Bxf5 28.Bxf5 
Qxe5 29.Qxe5 Nxe5 30.Re3 Re8 31.Re1 Kf8 32.Rd1 Ke7 33.Nf1 g6 34.Bc2 Rd8 
35.Re1 Ke6 36.Nh2 Nd5 37.c4 bxc4 38.bxc4 Nb4 39.Bb3 f6 40.Nf3 Rd3 41.Re2 
Kd6 42.Nd2 f5 43.Kf2 Rc3 44.Kg1 Nbc6 45.Kh2 Nd4 46.Rf2 a5 47.Nb1 Rd3 48.
Bc2 Re3 49.a4 Nxc4 50.g4 Ke5 51.gxf5 gxf5 52.Kg2 Re1 53.Bd3 Ne3+ 0-1

[Event "East European zonal 3 (w)"]
[Site "Brno CSR"]
[Date "1989.??.??"]
[Round "15"]
[White "Kaczorowska, Barbara"]
[Black "Voiska, Margarita"]
[Result "1/2-1/2"]
[WhiteElo "2225"]
[BlackElo "2335"]
[EventDate "1989.09.23"]
[PlyCount "72"]

1.d4 Nf6 2.Nf3 g6 3.Bf4 Bg7 4.e3 d6 5.Be2 O-O 6.h3 c5 7.c3 b6 8.O-O Bb7 9.
Nbd2 Nbd7 10.Qb3 Qc7 11.Rad1 Rae8 12.Bh2 Qc8 13.Rfe1 Qa8 14.Bc4 e5 15.dxe5
Nxe5 16.Be2 Nfd7 17.Nxe5 Nxe5 18.Bxe5 dxe5 19.Bf3 Bxf3 20.Nxf3 Rd8 21.Re2 
e4 22.Nh2 Qc6 23.c4 Rd6 24.Red2 Rfd8 25.Rd5 f5 26.Nf1 Rxd5 27.Rxd5 Rxd5 
28.cxd5 Qd6 29.a4 Bf6 30.Nd2 Kg7 31.Nb1 h5 32.Nc3 a6 33.Qc4 Bxc3 34.bxc3 
b5 35.axb5 axb5 36.Qxb5 Qxd5 1/2-1/2

[Event "East European zonal 3 (w)"]
[Site "Brno CSR"]
[Date "1989.??.??"]
[Round "15"]
[White "Kisova, Petra"]
[Black "Sziva, Erika"]
[Result "1/2-1/2"]
[WhiteElo "2105"]
[BlackElo "2250"]
[EventDate "1989.09.23"]
[PlyCount "109"]

1.e4 c5 2.c3 Nf6 3.e5 Nd5 4.d4 cxd4 5.Nf3 Nc6 6.Bc4 Nb6 7.Bb3 d5 8.exd6 
Qxd6 9.Na3 a6 10.O-O Bf5 11.Nxd4 Nxd4 12.cxd4 e6 13.Qf3 Qd7 14.d5 Nxd5 15.
Rd1 Bxa3 16.bxa3 O-O 17.Bb2 Rfd8 18.h4 f6 19.g4 Bg6 20.h5 Bf7 21.h6 e5 22.
Rd2 e4 23.Qxe4 Qe7 24.Qxe7 Nxe7 25.Rad1 Rxd2 26.Rxd2 b5 27.Rd7 Bxb3 28.
axb3 Kf7 29.hxg7 h6 30.Rd6 Ng8 31.f4 Re8 32.Kf2 Re6 33.Rxe6 Kxe6 34.Ke3 
Kf7 35.Ke4 Kxg7 36.g5 Kg6 37.gxh6 Nxh6 38.Bd4 Nf5 39.Bc5 Ng3+ 40.Kf3 Nf5 
41.Ke4 Ng3+ 42.Kd5 Kf5 43.Kc6 Ne4 44.Be3 Nc3 45.Bd2 Ne4 46.Bc1 Nf2 47.Kb6 
Nd3 48.Bd2 Ke4 49.Kxa6 Nc5+ 50.Kxb5 Nxb3 51.Bc3 Kxf4 52.Bxf6 Kf5 53.Bc3 
Ke6 54.Kc4 Kd7 55.Kxb3 1/2-1/2

[Event "East European zonal 3 (w)"]
[Site "Brno CSR"]
[Date "1989.??.??"]
[Round "15"]
[White "Klusek, Danuta"]
[Black "Stanciu, Gabriela"]
[Result "1/2-1/2"]
[WhiteElo "2190"]
[BlackElo "2215"]
[EventDate "1989.09.23"]
[PlyCount "53"]

1.e4 e5 2.Nf3 Nc6 3.d4 exd4 4.Bc4 Nf6 5.O-O Nxe4 6.Re1 d5 7.Bxd5 Qxd5 8.
Nc3 Qa5 9.Nxe4 Be6 10.Bd2 Qa4 11.Neg5 O-O-O 12.Nxe6 fxe6 13.Ng5 Re8 14.
Nxe6 Qc4 15.Qg4 h5 16.Qf5 g6 17.Qxg6 Bb4 18.Bxb4 Qxb4 19.Qg3 Re7 20.Qh3 
Kb8 21.Rf1 Qxb2 22.Rab1 Qxa2 23.Nc5 Nd8 24.Qf3 c6 25.Qf4+ Ka8 26.Qxd4 Rhe8
27.Ra1 1/2-1/2

[Event "East European zonal 3 (w)"]
[Site "Brno CSR"]
[Date "1989.??.??"]
[Round "15"]
[White "Madl, Ildiko"]
[Black "Genova, Ruzhka"]
[Result "1-0"]
[WhiteElo "2310"]
[BlackElo "2210"]
[EventDate "1989.09.23"]
[PlyCount "81"]

1.e4 c5 2.Nf3 Nc6 3.d4 cxd4 4.Nxd4 Qb6 5.Nb3 Nf6 6.Nc3 e6 7.Be3 Qc7 8.a3 
a6 9.f4 d6 10.Bd3 b5 11.O-O Be7 12.Kh1 O-O 13.Ne2 e5 14.fxe5 Nxe5 15.Ng3 
Bb7 16.Qe2 Rac8 17.Nd4 g6 18.Bh6 Rfe8 19.Rf4 Qb6 20.c3 Nfd7 21.Bc2 Bf8 22.
Bxf8 Rxf8 23.Raf1 Nc5 24.Rh4 Qd8 25.Rhf4 Qg5 26.Bb1 h5 27.Ba2 h4 28.Ngf5 
Nxe4 29.Rxe4 Bxe4 30.Qxe4 gxf5 31.Nxf5 Rc7 32.Bd5 Rd8 33.h3 Ng6 34.Qd4 Ne5
35.Nxh4 Kf8 36.Kh2 f6 37.Rf5 Qh6 38.Qf2 Nd7 39.Qg3 Ne5 40.Qg8+ Ke7 41.
Rxe5+ 1-0

[Event "East European zonal 3 (w)"]
[Site "Brno CSR"]
[Date "1989.??.??"]
[Round "15"]
[White "Prochazkova, Dana"]
[Black "Ghinda, Eugenia"]
[Result "1-0"]
[WhiteElo "2025"]
[BlackElo "2200"]
[EventDate "1989.09.23"]
[PlyCount "117"]

1.d4 e6 2.Nf3 f5 3.g3 Nf6 4.Bg2 d5 5.O-O Bd6 6.Bf4 O-O 7.e3 Qe7 8.Ne5 Nbd7
9.Nd3 b6 10.Re1 Bb7 11.Nd2 Ne4 12.Bxd6 Qxd6 13.Nf3 c5 14.c3 g5 15.Nfe5 
Rad8 16.Nxd7 Rxd7 17.f3 Nf6 18.Ne5 Rg7 19.f4 gxf4 20.gxf4 Kh8 21.Kh1 Rfg8 
22.Bf3 Qe7 23.Qe2 Ng4 24.Bxg4 fxg4 25.Rg1 h5 26.Rg3 Qf6 27.Rag1 Qf5 28.h3 
gxh3 29.Rxg7 Rxg7 30.Rxg7 Kxg7 31.Kh2 cxd4 32.cxd4 Kh6 33.Qf2 Qf6 34.Qg3 
Kh7 35.Qxh3 Qf5 36.Qh4 Ba6 37.Qe7+ Kg8 38.Kg3 Be2 39.Qg5+ Kh7 40.Qxf5+ 
exf5 41.Kh4 Kh6 42.Nc6 Kg6 43.Nxa7 Kf6 44.Nc6 Ke6 45.Kg5 Bc4 46.a3 Be2 47.
Ne5 Kd6 48.Ng6 Ke6 49.Nh4 Bg4 50.b3 Bd1 51.Nxf5 Bxb3 52.Ng7+ Kf7 53.Nxh5 
Bc2 54.f5 Ba4 55.Nf6 Bc6 56.Ng4 Be8 57.Kf4 Ba4 58.Ke5 Bd1 59.Nf6 1-0

[Event "East European zonal 3 (w)"]
[Site "Brno CSR"]
[Date "1989.??.??"]
[Round "15"]
[White "Savova, Stefka"]
[Black "Velvart, Peterne"]
[Result "0-1"]
[WhiteElo "2240"]
[BlackElo "2220"]
[EventDate "1989.09.23"]
[PlyCount "120"]

1.Nf3 Nf6 2.g3 g6 3.Bg2 Bg7 4.O-O O-O 5.d3 d5 6.Nbd2 c5 7.e4 d4 8.e5 Nd5 
9.Re1 Nc6 10.h3 h6 11.Nf1 Be6 12.h4 Qc7 13.Qe2 Rad8 14.N1h2 b5 15.a3 Kh7 
16.h5 c4 17.hxg6+ fxg6 18.Nh4 Qxe5 19.Qxe5 Nxe5 20.f4 g5 21.fxg5 hxg5 22.
N4f3 Nxf3+ 23.Nxf3 Bf5 24.Nxg5+ Kg6 25.Ne6 Bxe6 26.Rxe6+ Bf6 27.dxc4 bxc4 
28.Rc6 c3 29.Be4+ Kf7 30.bxc3 Nxc3 31.Bd3 Be5 32.Bh6 Rg8 33.Rf1+ Ke8 34.
Rg6 Kd7 35.g4 Rxg6 36.Bxg6 Rg8 37.Bh5 Ne2+ 38.Kg2 Ng3 39.Bf7 Rxg4 40.Kh3 
Re4 41.Rb1 Nf5 42.Bg5 Nd6 43.Bh5 Bf4 44.Bg4+ e6 45.Bxf4 Rxf4 46.Rb4 Re4 
47.Kg3 Kc7 48.Rb3 e5 49.Bf3 Re1 50.Bd5 Rc1 51.Rb2 e4 52.Kf2 Rh1 53.Rb4 e3+
54.Ke2 Rh2+ 55.Ke1 Rd2 56.Bf3 Nf5 57.Rb7+ Kd6 58.Rxa7 Rxc2 59.Bg4 Ng3 60.
Rd7+ Ke5 0-1

[Event "East European zonal 3 (w)"]
[Site "Brno CSR"]
[Date "1989.??.??"]
[Round "15"]
[White "Veroci-Petronic, Zsuzsa"]
[Black "Skacelova, Libuse"]
[Result "1/2-1/2"]
[WhiteElo "2340"]
[BlackElo "2160"]
[EventDate "1989.09.23"]
[PlyCount "49"]

1.e4 c6 2.d4 d5 3.exd5 cxd5 4.c4 Nf6 5.Nc3 g6 6.cxd5 Nxd5 7.Qb3 Nb6 8.Bb5+
Bd7 9.Nf3 Bg7 10.Ne5 O-O 11.Nxd7 N8xd7 12.O-O Nf6 13.Rd1 Nfd5 14.Be2 e6 
15.a4 a5 16.Ne4 Qe7 17.Bg5 Qb4 18.Qxb4 Nxb4 19.Be7 Rfc8 20.Bc5 N6d5 21.Nd6
Rc7 22.Bf3 Rd8 23.Nb5 Rcd7 24.Nc3 b6 25.Bxd5 1/2-1/2

[Event "East European zonal 3 (w)"]
[Site "Brno CSR"]
[Date "1989.??.??"]
[Round "15"]
[White "Wagner-Michel, Annett"]
[Black "Muresan, Margareta"]
[Result "1-0"]
[WhiteElo "2190"]
[BlackElo "2215"]
[EventDate "1989.09.23"]
[PlyCount "113"]

1.e4 c5 2.Nf3 e6 3.d4 cxd4 4.Nxd4 a6 5.Nc3 d6 6.g3 Nf6 7.Bg2 Bd7 8.O-O Nc6
9.a4 Be7 10.Nb3 O-O 11.Qe2 Qc7 12.g4 Be8 13.g5 Nd7 14.f4 f6 15.h4 Nc5 16.
Be3 Nxb3 17.cxb3 fxg5 18.hxg5 Bf7 19.Qf2 Rae8 20.Bb6 Qb8 21.Qg3 Bd8 22.
Bxd8 Rxd8 23.Rad1 b5 24.Qh4 b4 25.Ne2 Qa7+ 26.Kh1 Be8 27.f5 e5 28.Rd3 g6 
29.f6 Bf7 30.Bh3 Kh8 31.Qh6 Bg8 32.Bg2 Rf7 33.Ng3 Nd4 34.Nh5 gxh5 35.g6 
Rxf6 36.Rxf6 Qg7 37.gxh7 Bxh7 38.Rxd6 Rg8 39.Qxg7+ Rxg7 40.Rh3 Rg5 41.Rxa6
Ne2 42.Kh2 Kg7 43.Ra7+ Kh6 44.Bf3 Nf4 45.Rg3 Bg6 46.Re7 Nd3 47.a5 Nf2 48.
Rxg5 Kxg5 49.Rxe5+ Kf4 50.Re6 Bxe4 51.Bxe4 Nxe4 52.Rxe4+ Kxe4 53.a6 Kd3 
54.a7 Kc2 55.a8=Q Kxb3 56.Qg2 Ka2 57.Kg3 1-0

[Event "East European zonal 3 (w)"]
[Site "Brno CSR"]
[Date "1989.??.??"]
[Round "16"]
[White "Genova, Ruzhka"]
[Black "Kaczorowska, Barbara"]
[Result "1/2-1/2"]
[WhiteElo "2210"]
[BlackElo "2225"]
[EventDate "1989.09.23"]
[PlyCount "102"]

1.d4 Nf6 2.Nf3 g6 3.c4 c5 4.d5 b5 5.cxb5 a6 6.Nc3 d6 7.e4 Bg7 8.bxa6 O-O 
9.Be2 Bxa6 10.O-O Nbd7 11.Re1 Ng4 12.h3 Nge5 13.Nxe5 Bxe5 14.Bxa6 Rxa6 15.
Re2 Qa5 16.Rc2 Rb8 17.Qg4 Nf6 18.Qe2 Rab6 19.Bg5 Kg7 20.Rac1 h6 21.Bd2 Qb4
22.b3 R6b7 23.Re1 Qb6 24.Na4 Qa7 25.Qe3 g5 26.Bc3 Nd7 27.g3 c4 28.f4 cxb3 
29.axb3 Bxc3 30.Rxc3 Nf6 31.Qxa7 Rxa7 32.Kg2 Rb4 33.Kf3 Rab7 34.Ree3 Rd4 
35.Rcd3 gxf4 36.gxf4 Rdb4 37.Nb2 Nd7 38.Na4 Nf6 39.Rc3 Nh5 40.Kg4 Nf6+ 41.
Kf3 Nh5 42.f5 Nf6 43.Nb2 Nd7 44.Nc4 Ra7 45.Kf4 Kf6 46.Nb2 Rab7 47.Na4 Ne5 
48.Nb2 R4b5 49.Nd3 Rxb3 50.Nxe5 dxe5+ 51.Kg4 Rxc3 1/2-1/2

[Event "East European zonal 3 (w)"]
[Site "Brno CSR"]
[Date "1989.??.??"]
[Round "16"]
[White "Ghinda, Eugenia"]
[Black "Detko, Joanna"]
[Result "1-0"]
[WhiteElo "2200"]
[BlackElo "2175"]
[EventDate "1989.09.23"]
[PlyCount "85"]

1.d4 Nf6 2.Nf3 g6 3.Bg5 Bg7 4.Nbd2 d6 5.c3 O-O 6.e4 c5 7.Bc4 Nc6 8.dxc5 
dxc5 9.O-O Qc7 10.Re1 e6 11.Qc2 b6 12.Rad1 Bb7 13.Bf1 a6 14.Nc4 b5 15.Nd6 
Ne8 16.Nxb7 Qxb7 17.Rd2 f6 18.Be3 c4 19.Red1 Rf7 20.g3 Qc7 21.Bh3 Re7 22.
Nd4 Nxd4 23.Bxd4 Rd8 24.Be3 Rxd2 25.Qxd2 Kf7 26.f4 Qc6 27.Bg2 Qc7 28.f5 
gxf5 29.exf5 exf5 30.Qd5+ Kg6 31.Bf4 Qb6+ 32.Kh1 Re2 33.Bh3 Qe6 34.Qxe6 
Rxe6 35.Rd2 Bf8 36.Kg2 Nd6 37.Kf3 h5 38.Rd5 Bh6 39.Rxd6 Rxd6 40.Bxd6 Bc1 
41.b3 a5 42.bxc4 bxc4 43.Bc7 1-0

[Event "East European zonal 3 (w)"]
[Site "Brno CSR"]
[Date "1989.??.??"]
[Round "16"]
[White "Klusek, Danuta"]
[Black "Veroci-Petronic, Zsuzsa"]
[Result "1-0"]
[WhiteElo "2190"]
[BlackElo "2340"]
[EventDate "1989.09.23"]
[PlyCount "85"]

1.e4 c5 2.Nf3 e6 3.d4 cxd4 4.Nxd4 a6 5.Bd3 Nf6 6.O-O Qc7 7.Qe2 Bc5 8.Nb3 
Ba7 9.Nc3 d6 10.Be3 Bxe3 11.Qxe3 O-O 12.Rad1 b5 13.a3 Nc6 14.Qg3 Ne5 15.
Nd4 Bb7 16.Rfe1 Qb6 17.Nde2 Rac8 18.h3 Rfd8 19.Qf4 Nc4 20.Qc1 b4 21.axb4 
Qxb4 22.Bxc4 Qxc4 23.Nd4 Qb4 24.f3 Qb6 25.Kh1 Rc4 26.Nce2 a5 27.b3 Rcc8 
28.Qd2 d5 29.e5 Nd7 30.Ng3 Nf8 31.Qg5 Ng6 32.f4 Rf8 33.h4 f6 34.exf6 Rxf6 
35.Nh5 Rcf8 36.Nxf6+ Rxf6 37.g3 Ne7 38.Qe5 Nc6 39.Qd6 e5 40.Qxd5+ Kh8 41.
Nf3 Nd4 42.Qxd4 Bxf3+ 43.Kh2 1-0

[Event "East European zonal 3 (w)"]
[Site "Brno CSR"]
[Date "1989.??.??"]
[Round "16"]
[White "Muresan, Margareta"]
[Black "Kisova, Petra"]
[Result "1/2-1/2"]
[WhiteElo "2215"]
[BlackElo "2105"]
[EventDate "1989.09.23"]
[PlyCount "42"]

1.c4 e5 2.Nc3 Nc6 3.g3 g6 4.Bg2 Bg7 5.Rb1 a5 6.a3 Nf6 7.d3 d6 8.b4 axb4 9.
axb4 O-O 10.Nd5 Nh5 11.b5 Ne7 12.e4 c6 13.bxc6 bxc6 14.Nxe7+ Qxe7 15.Ne2 
Be6 16.O-O Qd7 17.Nc3 Bh3 18.Qc2 Ra6 19.Be3 Rfa8 20.Rfc1 Bxg2 21.Kxg2 Nf6 
1/2-1/2

[Event "East European zonal 3 (w)"]
[Site "Brno CSR"]
[Date "1989.??.??"]
[Round "16"]
[White "Skacelova, Libuse"]
[Black "Madl, Ildiko"]
[Result "0-1"]
[WhiteElo "2160"]
[BlackElo "2310"]
[EventDate "1989.09.23"]
[PlyCount "92"]

1.e4 c5 2.c3 d6 3.d4 Nf6 4.Bd3 g6 5.h3 Bg7 6.Nf3 O-O 7.dxc5 dxc5 8.Qc2 Nc6
9.O-O Qc7 10.Be3 b6 11.a4 Bb7 12.Na3 Rad8 13.Rad1 a6 14.Rfe1 Rd7 15.Bc1 
Nh5 16.Be2 Nb8 17.Nd2 Nf4 18.Bf1 Rfd8 19.Ndc4 Ne6 20.Ne3 Rxd1 21.Nxd1 Bc6 
22.g3 Qb7 23.Bg2 b5 24.axb5 axb5 25.Qe2 c4 26.Nc2 Nc5 27.Nb4 Bxe4 28.Bxe4 
Nxe4 29.Ne3 e6 30.Ng4 h5 31.Nh2 Nc5 32.Bg5 Rd7 33.Nf3 Nd3 34.Nxd3 Rxd3 35.
Ne5 Rd5 36.Nf3 Nd7 37.h4 Nc5 38.Rd1 Rxd1+ 39.Qxd1 Nd3 40.Ne1 Nxb2 41.Qd8+ 
Kh7 42.Bf6 Qd5 43.Qe7 Qf5 44.Bxg7 Kxg7 45.Qd7 Qd5 46.Qc7 Nd1 0-1

[Event "East European zonal 3 (w)"]
[Site "Brno CSR"]
[Date "1989.??.??"]
[Round "16"]
[White "Sziva, Erika"]
[Black "Savova, Stefka"]
[Result "1/2-1/2"]
[WhiteElo "2250"]
[BlackElo "2240"]
[EventDate "1989.09.23"]
[PlyCount "51"]

1.e4 c5 2.Nf3 d6 3.d4 cxd4 4.Nxd4 Nf6 5.Nc3 a6 6.Be3 e5 7.Nf3 Be7 8.Bc4 
Be6 9.Bxe6 fxe6 10.Ng5 Qd7 11.Qf3 d5 12.exd5 exd5 13.O-O-O d4 14.Nce4 O-O 
15.Bd2 Nxe4 16.Qb3+ Kh8 17.Nxe4 Nc6 18.f3 b5 19.Kb1 a5 20.h4 a4 21.Qd3 b4 
22.Ng5 Qf5 23.Qb5 Qd7 24.Qd3 Qf5 25.Qb5 Qd7 26.Qd3 1/2-1/2

[Event "East European zonal 3 (w)"]
[Site "Brno CSR"]
[Date "1989.??.??"]
[Round "16"]
[White "Velvart, Peterne"]
[Black "Prochazkova, Dana"]
[Result "1/2-1/2"]
[WhiteElo "2220"]
[BlackElo "2025"]
[EventDate "1989.09.23"]
[PlyCount "26"]

1.d4 d5 2.c4 c6 3.Nf3 Nf6 4.Nc3 dxc4 5.e4 b5 6.e5 Nd5 7.a4 e6 8.Ng5 Bb7 9.
Qh5 g6 10.Qh3 Nxc3 11.bxc3 Be7 12.Qh6 Bf8 13.Qh3 Be7 1/2-1/2

[Event "East European zonal 3 (w)"]
[Site "Brno CSR"]
[Date "1989.??.??"]
[Round "16"]
[White "Voiska, Margarita"]
[Black "Wagner-Michel, Annett"]
[Result "1/2-1/2"]
[WhiteElo "2335"]
[BlackElo "2190"]
[EventDate "1989.09.23"]
[PlyCount "52"]

1.c4 e5 2.Nc3 Nf6 3.g3 d5 4.cxd5 Nxd5 5.Bg2 Nb6 6.Nf3 Nc6 7.O-O Be7 8.d3 
Be6 9.Be3 O-O 10.Na4 Nxa4 11.Qxa4 f6 12.Rfc1 Qd7 13.Nd2 Bd5 14.Ne4 Rfd8 
15.Nc5 Bxc5 16.Bxd5+ Qxd5 17.Rxc5 Qf7 18.Qb5 Rab8 19.Qc4 Rd7 20.Rc1 a6 21.
b4 Qxc4 22.R1xc4 Rc8 23.a3 Ne7 24.Rc1 Nd5 25.Bd2 Ne7 26.Be3 Nf5 1/2-1/2

[Event "East European zonal 3 (w)"]
[Site "Brno CSR"]
[Date "1989.??.??"]
[Round "17"]
[White "Detko, Joanna"]
[Black "Velvart, Peterne"]
[Result "0-1"]
[WhiteElo "2175"]
[BlackElo "2220"]
[EventDate "1989.09.23"]
[PlyCount "72"]

1.e4 c5 2.Nf3 d6 3.d4 cxd4 4.Nxd4 Nf6 5.Nc3 g6 6.Be3 Bg7 7.f3 O-O 8.Qd2 
Nc6 9.Bc4 Nd7 10.Bb5 Nce5 11.Bh6 Nb6 12.Bxg7 Kxg7 13.Nd5 a6 14.Be2 Be6 15.
f4 Ned7 16.Nf3 Rc8 17.Qd4+ Kg8 18.c4 Bg4 19.b3 Bxf3 20.Bxf3 e5 21.Qd2 Nxd5
22.Qxd5 exf4 23.Qxd6 Qh4+ 24.Ke2 Nc5 25.g3 fxg3 26.hxg3 Qg5 27.Qf4 Qe7 28.
Rxh7 Nxe4 29.Bxe4 Kxh7 30.Rh1+ Kg8 31.Kf3 Rfe8 32.Bd3 Rcd8 33.Be4 f5 34.
Bd5+ Rxd5 35.Rh8+ Kxh8 36.Qh6+ Qh7 0-1

[Event "East European zonal 3 (w)"]
[Site "Brno CSR"]
[Date "1989.??.??"]
[Round "17"]
[White "Forgo, Eva"]
[Black "Ghinda, Eugenia"]
[Result "1/2-1/2"]
[WhiteElo "2165"]
[BlackElo "2200"]
[EventDate "1989.09.23"]
[PlyCount "223"]

1.e4 c5 2.Nf3 Nc6 3.d4 cxd4 4.Nxd4 Nf6 5.Nc3 e5 6.Ndb5 d6 7.Bg5 a6 8.Na3 
b5 9.Nd5 Be7 10.Nxe7 Qxe7 11.c4 b4 12.Nc2 O-O 13.f3 Qe6 14.Bd3 a5 15.O-O 
Nd7 16.Ne3 Bb7 17.Nd5 Rac8 18.Qd2 f6 19.Be3 Nc5 20.Bc2 Ba6 21.b3 Rfd8 22.
Rfd1 Qf7 23.Qf2 Ne6 24.a3 Bb7 25.axb4 axb4 26.Bd2 Ncd4 27.Bxb4 Nxc2 28.
Qxc2 Nd4 29.Qd3 Bxd5 30.exd5 Rb8 31.Ra4 Rb7 32.Rb1 Qd7 33.Ba5 Rdb8 34.Ra3 
f5 35.Bd2 f4 36.b4 g5 37.h3 Qc8 38.Rc1 h5 39.Kf2 Rg7 40.c5 dxc5 41.Rxc5 
Qd8 42.Qe4 g4 43.fxg4 Qh4+ 44.Kg1 hxg4 45.Qxe5 Rf8 46.Qxd4 gxh3 47.Rxh3 
Qg4 48.Qxg7+ Kxg7 49.Bc3+ Kg6 50.Rc6+ Kf5 51.Re6 Rg8 52.Rh5+ Qxh5 53.Re5+ 
Kg4 54.Rxh5 Kxh5 55.Be5 f3 56.g3 Rg5 57.Bf4 Rxd5 58.Kf2 Kg4 59.Ke3 Rb5 60.
Bd6 Rd5 61.Bc7 Rd7 62.Bf4 Re7+ 63.Kf2 Re2+ 64.Kf1 Re4 65.Bd6 Rd4 66.Bc7 
Rxb4 67.Bd6 Rb2 68.Bc7 Kf5 69.Bd6 Rb6 70.Bc7 Rb1+ 71.Kf2 Ke4 72.Bd6 Rb6 
73.Bc5 Rc6 74.Ba7 Rc2+ 75.Kf1 Rb2 76.Bc5 Rh2 77.Bb6 Kf5 78.Bc5 Kg4 79.Bd6 
Rd2 80.Bc7 Rg2 81.Bd6 Kf5 82.Bc7 Ke4 83.Bb8 Ra2 84.Bc7 Rb2 85.Bd6 Kd4 86.
Be7 Rb7 87.Bd6 Kd5 88.Bf4 Ke4 89.Bd6 Rb5 90.Kf2 Ra5 91.Bc7 Ra6 92.Bd8 Ra2+
93.Kf1 Rb2 94.Be7 Rc2 95.Bd8 Rb2 96.Be7 f2 97.Kg2 f1=Q+ 98.Kxf1 Kf3 99.Kg1
Rg2+ 100.Kh1 Kxg3 101.Bd6+ Kh3 102.Bc5 Re2 103.Bd4 Kg3 104.Bc5 Re1+ 105.
Bg1 Kf3 106.Kh2 Re2+ 107.Kh1 Re6 108.Bh2 Kf2 109.Bg1+ Kf3 110.Bh2 Re8 111.
Bg1 Rg8 112.Bh2 1/2-1/2

[Event "East European zonal 3 (w)"]
[Site "Brno CSR"]
[Date "1989.??.??"]
[Round "17"]
[White "Kaczorowska, Barbara"]
[Black "Skacelova, Libuse"]
[Result "1-0"]
[WhiteElo "2225"]
[BlackElo "2160"]
[EventDate "1989.09.23"]
[PlyCount "149"]

1.d4 Nf6 2.c4 g6 3.g3 Bg7 4.Bg2 d6 5.Nf3 Nbd7 6.O-O O-O 7.Nc3 e5 8.h3 Rb8 
9.e4 exd4 10.Nxd4 Re8 11.Re1 Ne5 12.b3 Nfd7 13.Be3 Nc5 14.Qc2 Ncd3 15.Red1
Nb4 16.Qe2 Nec6 17.Qd2 Nxd4 18.Bxd4 Bxd4 19.Qxd4 Nc6 20.Qd2 a6 21.Nd5 Ne5 
22.f4 Nd7 23.Qd4 f6 24.Qa7 Kf7 25.Rac1 c6 26.Nc3 Qc7 27.Qd4 Ke7 28.Kh2 Rd8
29.Na4 Nf8 30.e5 dxe5 31.Qc5+ Kf7 32.Rxd8 Qxd8 33.fxe5 Ne6 34.Qe3 f5 35.
Qa7 Qc7 36.Re1 Nf8 37.Bxc6 Be6 38.Bg2 Nd7 39.Qe3 Rc8 40.Nc3 b5 41.Nd5 Qc5 
42.Qh6 Rh8 43.Nf4 Qf8 44.Qxf8+ Rxf8 45.cxb5 axb5 46.Bc6 Nb6 47.Bxb5 Rc8 
48.Nxe6 Kxe6 49.a4 Rc3 50.Rb1 Rc2+ 51.Kg1 Kxe5 52.a5 Rc5 53.Re1+ Kd6 54.
Rd1+ Ke6 55.Be2 Rxa5 56.Rc1 Nd5 57.Kf2 Ke5 58.Kf3 Ra3 59.Bc4 Nb6 60.Bg8 h6
61.Rc6 Nd5 62.Bxd5 Kxd5 63.Rxg6 Ke5 64.Rb6 h5 65.Rb5+ Ke6 66.Kf4 h4 67.
gxh4 Ra6 68.Re5+ Kd6 69.Kxf5 Ra1 70.Re3 Kc5 71.h5 Kd4 72.Re7 Ra5+ 73.Kg6 
Rb5 74.h6 Rxb3 75.h7 1-0

[Event "East European zonal 3 (w)"]
[Site "Brno CSR"]
[Date "1989.??.??"]
[Round "17"]
[White "Madl, Ildiko"]
[Black "Klusek, Danuta"]
[Result "1-0"]
[WhiteElo "2310"]
[BlackElo "2190"]
[EventDate "1989.09.23"]
[PlyCount "75"]

1.e4 e5 2.Nf3 Nc6 3.Bb5 a6 4.Ba4 Nf6 5.O-O Be7 6.Re1 b5 7.Bb3 d6 8.c3 O-O 
9.h3 Be6 10.d4 Bxb3 11.axb3 exd4 12.cxd4 d5 13.e5 Ne4 14.Nc3 f5 15.exf6 
Nxf6 16.Qe2 Bd6 17.Qe6+ Kh8 18.Bg5 Nb4 19.Ne5 Qe8 20.Qxe8 Raxe8 21.Bxf6 
gxf6 22.Nf7+ Kg7 23.Nxd6 cxd6 24.g4 Kg6 25.Rxe8 Rxe8 26.Kg2 f5 27.Kg3 Re7 
28.Rd1 fxg4 29.hxg4 h6 30.Rh1 Nd3 31.Nxd5 Re2 32.f3 a5 33.Rd1 Nxb2 34.Ra1 
Rd2 35.Rxa5 Rxd4 36.Rxb5 Nd3 37.Ne7+ Kf6 38.Nc6 1-0

[Event "East European zonal 3 (w)"]
[Site "Brno CSR"]
[Date "1989.??.??"]
[Round "17"]
[White "Prochazkova, Dana"]
[Black "Sziva, Erika"]
[Result "1/2-1/2"]
[WhiteElo "2025"]
[BlackElo "2250"]
[EventDate "1989.09.23"]
[PlyCount "21"]

1.d4 Nf6 2.Nf3 g6 3.c4 Bg7 4.Nc3 d6 5.e4 O-O 6.Be2 e5 7.dxe5 dxe5 8.Qxd8 
Rxd8 9.Bg5 Re8 10.Nd5 Nxd5 11.cxd5 1/2-1/2